[Event "Titled Tuesday intern op 04th Feb Early"]
[Site "Chess.com INT"]
[Date "2025.02.04"]
[Round "6"]
[White "Burmakin, Vladimir"]
[Black "Kopjonkin, Kirill"]
[Result "1-0"]
[WhiteElo "2435"]
[BlackElo "2314"]
[PlyCount "87"]
[EventDate "2025.02.04"]
[EventType "swiss (blitz)"]
[EventRounds "11"]
[EventCountry "USA"]
[SourceTitle "CB07_2025"]
[SourceDate "2025.02.12"]
[SourceVersion "1"]
[SourceVersionDate "2025.02.12"]
[SourceQuality "1"]

1. c4 Nf6 2. g3 g6 3. Bg2 Bg7 4. d4 0-0 5. e4 d6 6. Ne2 Nc6 7. 0-0 Rb8 8. Nbc3 a6 9. a4 e5 10. d5 Na5 11. b3 b6 12. Rb1 Nd7 13. Qc2 f5 14. exf5 gxf5 15. f4 e4 16. Be3 Nb7 17. Nd4 Qe8 18. Ne6 Bf6 19. Nxf8 Nxf8 20. Ne2 a5 21. Bd4 Bxd4+ 22. Nxd4 Bd7 23. g4 Nc5 24. gxf5 Qf7 25. Rbe1 Bxf5 26. Nxf5 Qxf5 27. Bxe4 Nxe4 28. Qxe4 Qxe4 29. Rxe4 Ng6 30. Kg2 Kf7 31. Kf3 Ne7 32. Rg1 Nf5 33. Rg5 Nh4+ 34. Kg4 Ng6 35. Rf5+ Kg7 36. h4 Rc8 37. h5 Nf8 38. Re7+ Kg8 39. Kg5 c6 40. dxc6 Rxc6 41. Re8 h6+ 42. Kg4 d5 43. Rexf8+ Kg7 44. R5f7# 1-0

[Event "Titled Tuesday intern op 04th Feb Early"]
[Site "Chess.com INT"]
[Date "2025.02.04"]
[Round "10"]
[White "Granara Barreto, Sebastian A"]
[Black "Kopjonkin, Kirill"]
[Result "0-1"]
[WhiteElo "2115"]
[BlackElo "2314"]
[PlyCount "62"]
[EventDate "2025.02.04"]
[EventType "swiss (blitz)"]
[EventRounds "11"]
[EventCountry "USA"]
[SourceTitle "CB07_2025"]
[SourceDate "2025.02.12"]
[SourceVersion "1"]
[SourceVersionDate "2025.02.12"]
[SourceQuality "1"]

1. e4 h5 2. d4 e6 3. Nf3 d5 4. Nc3 Be7 5. e5 c5 6. Be3 cxd4 7. Nxd4 Nc6 8. Nxc6 bxc6 9. Bd3 h4 10. Qg4 Kf8 11. 0-0 c5 12. Bd2 Nh6 13. Bxh6 Rxh6 14. f4 c4 15. Be2 Rg6 16. Qf3 Bb7 17. Rad1 Qb6+ 18. Kh1 d4 19. Ne4 h3 20. Rg1 hxg2+ 21. Rxg2 Rxg2 22. Qxg2 Rc8 23. Bf3 Qxb2 24. Rg1 g6 25. Nd6 Bxf3 26. Qxf3 Bxd6 27. exd6 Qb6 28. f5 exf5 29. Qf4 Qc6+ 30. Rg2 Rd8 31. Qe5 Rxd6 0-1

[Event "Titled Tuesday intern op 04th Feb Early"]
[Site "Chess.com INT"]
[Date "2025.02.04"]
[Round "8"]
[White "Kopjonkin, Kirill"]
[Black "Blokhin, Sofia"]
[Result "1-0"]
[WhiteElo "2314"]
[BlackElo "2020"]
[PlyCount "75"]
[EventDate "2025.02.04"]
[EventType "swiss (blitz)"]
[EventRounds "11"]
[EventCountry "USA"]
[SourceTitle "CB07_2025"]
[SourceDate "2025.02.12"]
[SourceVersion "1"]
[SourceVersionDate "2025.02.12"]
[SourceQuality "1"]

1. d4 f5 2. Qd3 d5 3. Nc3 Nf6 4. Bg5 e6 5. f3 Bb4 6. 0-0-0 0-0 7. e4 Bxc3 8. Qxc3 fxe4 9. Nh3 exf3 10. gxf3 Nc6 11. Rg1 Kh8 12. Nf4 Ne7 13. Bd3 Nf5 14. Bxf5 exf5 15. Rg3 Qd6 16. Rh3 Kg8 17. Rg1 Bd7 18. Qd2 Rae8 19. Qg2 Re7 20. Nh5 f4 21. Rh4 Nxh5 22. Bxe7 Qxe7 23. Rxh5 Qe3+ 24. Kb1 g6 25. Rxh7 Bf5 26. Rh5 Re8 27. a3 Kf7 28. Rh7+ Kf6 29. Qg5+ Ke6 30. Rxc7 Kd6 31. Rxb7 Kc6 32. Rxa7 Qd2 33. Rc1 Kb6 34. Re7 Rc8 35. Qf6+ Rc6 36. Qe5 Rxc2 37. Qb8+ Ka5 38. Ra7# 1-0

[Event "Titled Tuesday intern op 04th Feb Early"]
[Site "Chess.com INT"]
[Date "2025.02.04"]
[Round "2"]
[White "Kopjonkin, Kirill"]
[Black "Park, Sunwoo"]
[Result "1-0"]
[WhiteElo "2314"]
[BlackElo "1862"]
[PlyCount "47"]
[EventDate "2025.02.04"]
[EventType "swiss (blitz)"]
[EventRounds "11"]
[EventCountry "USA"]
[SourceTitle "CB07_2025"]
[SourceDate "2025.02.12"]
[SourceVersion "1"]
[SourceVersionDate "2025.02.12"]
[SourceQuality "1"]

1. e4 d6 2. d4 Nf6 3. Nc3 c6 4. g3 Qa5 5. Bg2 e5 6. f4 Bg4 7. Nge2 exd4 8. Qxd4 Bxe2 9. Kxe2 Be7 10. Bd2 Qc5 11. Qxc5 dxc5 12. h3 Nh5 13. Kf2 0-0 14. e5 g6 15. g4 Bh4+ 16. Kf3 Ng7 17. Ne4 Nd7 18. Be3 b6 19. Rad1 Rad8 20. g5 h6 21. Rxd7 Rxd7 22. Nf6+ Kh8 23. Nxd7 hxg5 24. Nxf8 1-0

[Event "Titled Tuesday intern op 04th Feb Early"]
[Site "Chess.com INT"]
[Date "2025.02.04"]
[Round "4"]
[White "Moldagali, Beksultan"]
[Black "Kopjonkin, Kirill"]
[Result "1-0"]
[WhiteElo "2398"]
[BlackElo "2314"]
[PlyCount "155"]
[EventDate "2025.02.04"]
[EventType "swiss (blitz)"]
[EventRounds "11"]
[EventCountry "USA"]
[SourceTitle "CB07_2025"]
[SourceDate "2025.02.12"]
[SourceVersion "1"]
[SourceVersionDate "2025.02.12"]
[SourceQuality "1"]

1. e4 Nf6 2. e5 Nd5 3. d4 d6 4. c4 Nb6 5. exd6 cxd6 6. Nc3 g6 7. Be3 Bg7 8. Rc1 0-0 9. b3 Nc6 10. d5 Ne5 11. Be2 e6 12. f4 Ned7 13. dxe6 Nf6 14. exf7+ Rxf7 15. Nf3 Ng4 16. Bd4 Rxf4 17. Bxg7 Kxg7 18. 0-0 Qf6 19. Qd2 Bd7 20. h3 Ne5 21. Ng5 Qxg5 22. Qxf4 Qe7 23. Rce1 Bc6 24. Bg4 Re8 25. Bd1 Nbd7 26. Bc2 Nc5 27. Kh2 Qd7 28. Qg3 Ne6 29. Ne4 Nd4 30. Nf6 Qe7 31. Nxe8+ Qxe8 32. Be4 Bxe4 33. Rxe4 Ndc6 34. Qh4 Qe6 35. Ref4 h6 36. Rf6 Qe7 37. Qg3 g5 38. h4 Ng6 39. hxg5 h5 40. Rf7+ Qxf7 41. Rxf7+ Kxf7 42. Qf3+ Ke6 43. Qxh5 Nge5 44. Qh6+ Ke7 45. Qf6+ Kd7 46. Kg3 Ne7 47. Qf2 N7g6 48. Qxa7 Kc6 49. a4 Kc7 50. a5 Nc6 51. Qb6+ Kd7 52. a6 bxa6 53. Qb7+ Ke6 54. Qxc6 Ne5 55. Qxa6 Nd7 56. Qc6 Ne5 57. Qd5+ Ke7 58. Qxe5+ dxe5 59. Kf3 Kd6 60. Ke4 Ke6 61. c5 Kd7 62. Kxe5 Kc6 63. Kf6 Kxc5 64. g6 Kb5 65. g7 Kb4 66. g8Q Kc3 67. b4 Kc2 68. b5 Kd2 69. Qc4 Ke3 70. Kf5 Kf2 71. g4 Kg3 72. g5 Kh3 73. g6 Kg2 74. Qd3 Kh1 75. Qe2 Kg1 76. Kg4 Kh1 77. Kg3 Kg1 78. Qe1# 1-0

[Event "Titled Tuesday intern op 28th Jan Early"]
[Site "Chess.com INT"]
[Date "2025.01.28"]
[Round "5"]
[White "Kopjonkin, Kirill"]
[Black "Melillo, Lucius"]
[Result "0-1"]
[WhiteElo "2314"]
[BlackElo "2241"]
[PlyCount "122"]
[EventDate "2025.01.28"]
[EventType "swiss (blitz)"]
[EventRounds "11"]
[EventCountry "USA"]
[SourceTitle "CB06_2025"]
[SourceDate "2025.02.05"]
[SourceVersion "1"]
[SourceVersionDate "2025.02.05"]
[SourceQuality "1"]

1. e4 Nf6 2. e5 Nd5 3. c4 Nb6 4. d4 d6 5. f4 dxe5 6. fxe5 Nc6 7. Be3 Bf5 8. Nc3 e6 9. Nf3 Bb4 10. Be2 Na5 11. 0-0 Naxc4 12. Bxc4 Nxc4 13. Qa4+ c6 14. Bg5 Qa5 15. Qb3 Nb6 16. Nh4 Bd3 17. Rf2 0-0 18. Rf3 Bc4 19. Qd1 Nd5 20. Ne4 Be7 21. Bxe7 Nxe7 22. Qd2 Qxd2 23. Nxd2 Bd5 24. Rf2 Rad8 25. b3 Rd7 26. Rc1 Rfd8 27. Rcf1 Ng6 28. Nxg6 hxg6 29. h3 b6 30. Nb1 Rc8 31. Nc3 a5 32. Na4 Rb8 33. Kh2 Be4 34. Re1 Bd3 35. Nb2 Bf5 36. g4 Rxd4 37. gxf5 gxf5 38. Nc4 Rbd8 39. Rg2 a4 40. Reg1 g6 41. Ne3 axb3 42. axb3 Re4 43. Nc4 b5 44. Nd2 Rxe5 45. Nf3 Re3 46. Nh4 Rxb3 47. Nxg6 fxg6 48. Rxg6+ Kf7 49. Rg7+ Kf6 50. R1g6+ Ke5 51. Re7 Rd2+ 52. Kh1 Rb1+ 53. Rg1 Rxg1+ 54. Kxg1 b4 55. h4 b3 56. h5 b2 57. Rb7 Rd1+ 58. Kg2 b1Q 59. Rxb1 Rxb1 60. h6 Rb8 61. h7 Rh8 0-1

[Event "Titled Tuesday intern op 28th Jan Early"]
[Site "Chess.com INT"]
[Date "2025.01.28"]
[Round "1"]
[White "Kopjonkin, Kirill"]
[Black "Papasimakopoulos, Alexandros"]
[Result "1/2-1/2"]
[WhiteElo "2314"]
[BlackElo "2379"]
[PlyCount "126"]
[EventDate "2025.01.28"]
[EventType "swiss (blitz)"]
[EventRounds "11"]
[EventCountry "USA"]
[SourceTitle "CB06_2025"]
[SourceDate "2025.02.05"]
[SourceVersion "1"]
[SourceVersionDate "2025.02.05"]
[SourceQuality "1"]

1. e4 e6 2. d4 d5 3. Bd3 c5 4. c3 cxd4 5. cxd4 Nc6 6. Ne2 Bb4+ 7. Nbc3 dxe4 8. Bxe4 Nf6 9. Bf3 0-0 10. 0-0 Bd7 11. a3 Be7 12. d5 exd5 13. Nxd5 Nxd5 14. Qxd5 Be6 15. Qxd8 Rfxd8 16. Bf4 Bf6 17. Bxc6 bxc6 18. Nc3 Bb3 19. Rac1 c5 20. Rfe1 c4 21. h3 g5 22. Be5 Bxe5 23. Rxe5 h6 24. Re2 Kg7 25. Rce1 Rd7 26. Ne4 Rc8 27. Ng3 c3 28. bxc3 Rxc3 29. Re3 Rxe3 30. Rxe3 Be6 31. f4 Kg6 32. fxg5 hxg5 33. Rc3 Rd4 34. Ne2 Rd2 35. Kf2 Bd5 36. h4 gxh4 37. Ke3 Rd1 38. Nf4+ Kg7 39. Ke2 Rd4 40. Nxd5 Rxd5 41. Rc4 Rh5 42. Ra4 a5 43. Kf3 Kg6 44. Rg4+ Kf5 45. Rf4+ Ke6 46. Re4+ Kd5 47. Rf4 Rg5 48. a4 Rg3+ 49. Kf2 Rb3 50. Rxh4 Rb4 51. Rh5+ Ke4 52. Rxa5 f5 53. Ra8 Rb2+ 54. Kg3 f4+ 55. Kh3 Ke3 56. Re8+ Kf2 57. Rf8 Rb3+ 58. Kh2 Ke3 59. a5 Ra3 60. Re8+ Kf2 61. Rf8 Ke3 62. Re8+ Kf2 63. Rf8 Ke3 1/2-1/2

[Event "Titled Tuesday intern op 14th Jan Early"]
[Site "Chess.com INT"]
[Date "2025.01.14"]
[Round "2"]
[White "Kopjonkin, Kirill"]
[Black "Barredo, Ruther"]
[Result "1/2-1/2"]
[WhiteElo "2314"]
[BlackElo "1816"]
[PlyCount "108"]
[EventDate "2025.01.14"]
[EventType "swiss (blitz)"]
[EventRounds "11"]
[EventCountry "USA"]
[SourceTitle "CB04_2025"]
[SourceDate "2025.01.22"]
[SourceVersion "1"]
[SourceVersionDate "2025.01.22"]
[SourceQuality "1"]

1. e4 e6 2. d4 d5 3. exd5 exd5 4. Nf3 Nf6 5. Bd3 c5 6. c3 Nc6 7. 0-0 Be7 8. dxc5 Bxc5 9. Re1+ Be6 10. Ng5 0-0 11. b4 Bb6 12. a4 h6 13. Nxe6 fxe6 14. a5 Bxf2+ 15. Kxf2 Ng4+ 16. Kg1 Qh4 17. h3 Nf2 18. Qe2 Nxh3+ 19. gxh3 Qg3+ 20. Kh1 Rf2 21. Qxe6+ Kh8 22. Qe8+ Rf8 23. Qe3 Rf3 24. Qe8+ Rf8 25. Qh5 Qxd3 26. Bxh6 gxh6 27. Qxh6+ Qh7 28. Qxh7+ Kxh7 29. Nd2 Rae8 30. Nb3 Ne5 31. Nd4 Nc4 32. Ne6 Rg8 33. Ng5+ Kh6 34. Nf7+ Kh5 35. Rxe8 Rxe8 36. Rf1 Re2 37. Nd8 b6 38. Nc6 bxa5 39. bxa5 a6 40. Rf5+ Kh4 41. Rf3 Nd2 42. Nd4 Nxf3 43. Nxe2 Kxh3 44. Nf4+ Kg4 45. Nxd5 Kf5 46. Kg2 Nd2 47. Kf2 Ne4+ 48. Ke3 Ke5 49. c4 Nd6 50. Kd3 Nb7 51. Nc7 Nxa5 52. c5 Nb7 53. c6 Na5 54. Nxa6 Nxc6 1/2-1/2

[Event "Titled Tuesday intern op 14th Jan Early"]
[Site "Chess.com INT"]
[Date "2025.01.14"]
[Round "3"]
[White "Kopjonkin, Kirill"]
[Black "Ryan, Joseph"]
[Result "0-1"]
[WhiteElo "2314"]
[BlackElo "2207"]
[PlyCount "92"]
[EventDate "2025.01.14"]
[EventType "swiss (blitz)"]
[EventRounds "11"]
[EventCountry "USA"]
[SourceTitle "CB04_2025"]
[SourceDate "2025.01.22"]
[SourceVersion "1"]
[SourceVersionDate "2025.01.22"]
[SourceQuality "1"]

1. e4 a6 2. d4 e6 3. Nf3 d5 4. Nc3 Nf6 5. Bg5 dxe4 6. Nxe4 Be7 7. Nxf6+ gxf6 8. Bf4 b6 9. Qd3 Bb7 10. 0-0-0 Nd7 11. Qc3 c6 12. Bc4 b5 13. Bb3 Nb6 14. Rhe1 Nd5 15. Bxd5 Qxd5 16. Qd3 Qxa2 17. Qb3 Qxb3 18. cxb3 Rg8 19. g3 c5 20. d5 Bxd5 21. Rxd5 exd5 22. Nh4 Kd7 23. Nf5 Rae8 24. Rd1 Kc6 25. Kb1 Bd8 26. b4 Bb6 27. bxc5 Bxc5 28. Rc1 Kb6 29. b4 Bxb4 30. Ne3 Rxe3 31. Bxe3+ Ka5 32. Ka2 Ka4 33. Ra1 Bc3 34. Rc1 b4 35. Rd1 Rd8 36. Kb1 Kb3 37. Bb6 Rb8 38. Ba5 Rb5 39. Bd8 a5 40. Rd3 a4 41. Bxf6 a3 42. Bxc3 bxc3 43. Rf3 d4 44. Rxf7 d3 45. Rd7 d2 46. Ka1 Kc2 0-1

[Event "Titled Tuesday intern op 14th Jan Early"]
[Site "Chess.com INT"]
[Date "2025.01.14"]
[Round "5"]
[White "Theil, Carey"]
[Black "Kopjonkin, Kirill"]
[Result "1/2-1/2"]
[WhiteElo "2087"]
[BlackElo "2314"]
[PlyCount "60"]
[EventDate "2025.01.14"]
[EventType "swiss (blitz)"]
[EventRounds "11"]
[EventCountry "USA"]
[SourceTitle "CB04_2025"]
[SourceDate "2025.01.22"]
[SourceVersion "1"]
[SourceVersionDate "2025.01.22"]
[SourceQuality "1"]

1. e4 Nf6 2. e5 Nd5 3. Nc3 e6 4. Nxd5 exd5 5. d4 Nc6 6. Nf3 d6 7. h3 dxe5 8. dxe5 Bc5 9. Bd3 h6 10. 0-0 0-0 11. Re1 Re8 12. Bf4 Be6 13. c3 a5 14. Bc2 Ne7 15. g4 c6 16. Qd3 Ng6 17. Bg3 Qb6 18. Kg2 Rad8 19. Nd4 Bxd4 20. cxd4 c5 21. f4 c4 22. Qc3 Ne7 23. f5 Bc8 24. f6 gxf6 25. exf6 Qxf6 26. Rf1 Qg5 27. Bf4 Qh4 28. Bg3 Qg5 29. Bf4 Qh4 30. Bg3 Qg5 1/2-1/2

[Event "Titled Tuesday intern op 07th Jan Early"]
[Site "Chess.com INT"]
[Date "2025.01.07"]
[Round "5"]
[White "Kopjonkin, Kirill"]
[Black "Mora Velasco, Alma Jaqueline"]
[Result "1-0"]
[WhiteElo "2314"]
[BlackElo "1884"]
[PlyCount "69"]
[EventDate "2025.01.07"]
[EventType "swiss (blitz)"]
[EventRounds "11"]
[EventCountry "USA"]
[SourceTitle "CB03_2025"]
[SourceDate "2025.01.15"]
[SourceVersion "1"]
[SourceVersionDate "2025.01.15"]
[SourceQuality "1"]

1. e4 c5 2. Nf3 d6 3. d4 Nf6 4. Nc3 cxd4 5. Nxd4 a6 6. h3 e5 7. Nf3 Be7 8. g4 h6 9. Rg1 Be6 10. g5 hxg5 11. Nxg5 Qd7 12. Be3 Nc6 13. Nxe6 Qxe6 14. Rxg7 0-0-0 15. Qd2 d5 16. exd5 Nxd5 17. Bc4 Qf6 18. Nxd5 Qxg7 19. 0-0-0 Bd6 20. Qc3 Kb8 21. Bxa6 f5 22. Bb5 Rc8 23. Qb3 Nd4 24. Bxd4 exd4 25. Nb6 Bf4+ 26. Kb1 Rcd8 27. Qa4 Qg6 28. Nd7+ Kc7 29. Qc4+ Kd6 30. Qc5+ Ke6 31. Re1+ Kf7 32. Bc4+ Kg7 33. Qe7+ Kh6 34. Qh4+ Kg7 35. Re7+ 1-0

[Event "Titled Tuesday intern op 07th Jan Early"]
[Site "Chess.com INT"]
[Date "2025.01.07"]
[Round "10"]
[White "Vlassov, Nikolai"]
[Black "Kopjonkin, Kirill"]
[Result "1-0"]
[WhiteElo "2291"]
[BlackElo "2314"]
[PlyCount "83"]
[EventDate "2025.01.07"]
[EventType "swiss (blitz)"]
[EventRounds "11"]
[EventCountry "USA"]
[SourceTitle "CB03_2025"]
[SourceDate "2025.01.15"]
[SourceVersion "1"]
[SourceVersionDate "2025.01.15"]
[SourceQuality "1"]

1. e4 Nf6 2. e5 Nd5 3. c4 Nb6 4. d4 d6 5. f4 g6 6. Nc3 Bg7 7. Be3 0-0 8. h4 dxe5 9. fxe5 c5 10. dxc5 N6d7 11. e6 fxe6 12. h5 Qc7 13. Nf3 Nxc5 14. hxg6 hxg6 15. Qc2 e5 16. Qxg6 Bf5 17. Qh5 e4 18. Nd4 Qg3+ 19. Bf2 Qxf2+ 20. Kxf2 Bg4+ 21. Ke3 Bxh5 22. Rxh5 e5 23. Nf5 Nc6 24. Rg5 Rxf5 25. Rxf5 Nd4 26. g4 Nc2+ 27. Kd2 Nxa1 28. Kc1 e3 29. Kb1 Rd8 30. Kxa1 Ne4 31. Nd5 Ng3 32. Nxe3 Nxf5 33. gxf5 Bh6 34. Nd5 Kf7 35. Kb1 Rg8 36. Bd3 Rg1+ 37. Kc2 Rc1+ 38. Kb3 Bf4 39. Nc3 Rg1 40. Be4 Rg3 41. Kb4 b6 42. Nd5 1-0

[Event "RUS-chT Rapid"]
[Site "Sochi"]
[Date "2024.10.19"]
[Round "7.17"]
[White "Kopjonkin, Kirill"]
[Black "Shimanov, Aleksandr"]
[Result "0-1"]
[WhiteElo "2314"]
[BlackElo "2582"]
[PlyCount "38"]
[EventDate "2024.10.18"]
[EventType "team-swiss (rapid)"]
[EventRounds "9"]
[EventCountry "RUS"]
[SourceTitle "CB43_2024"]
[Source "Chessbase"]
[SourceDate "2024.10.23"]
[SourceVersion "1"]
[SourceVersionDate "2024.10.23"]
[SourceQuality "1"]
[WhiteTeam "Ekaterinburg Marafon"]
[BlackTeam "Sverdlovsk ShakhMatOff"]
[WhiteTeamCountry "RUS"]
[BlackTeamCountry "RUS"]

1. e4 c6 2. d4 d5 3. Nc3 dxe4 4. Nxe4 Bf5 5. Ng3 Bg6 6. Nf3 Nd7 7. h4 h6 8. h5 Bh7 9. Bd3 Bxd3 10. Qxd3 e6 11. Bd2 a5 12. c4 Ngf6 13. 0-0-0 b5 14. Kb1 bxc4 15. Qxc4 Bd6 16. Rhe1 0-0 17. Ne5 Qc7 18. f4 Rab8 19. Rc1 c5 0-1

[Event "RUS-ch Rapid"]
[Site "Sochi"]
[Date "2024.10.15"]
[Round "3"]
[White "Kopjonkin, Kirill"]
[Black "Khlebovich, Alexander"]
[Result "1/2-1/2"]
[WhiteElo "2314"]
[BlackElo "2423"]
[PlyCount "84"]
[EventDate "2024.10.15"]
[EventType "swiss (rapid)"]
[EventRounds "11"]
[EventCountry "RUS"]
[SourceTitle "CB43_2024"]
[Source "Chessbase"]
[SourceDate "2024.10.23"]
[SourceVersion "1"]
[SourceVersionDate "2024.10.23"]
[SourceQuality "1"]

1. e4 c5 2. Nf3 d6 3. d4 cxd4 4. Nxd4 Nf6 5. Nc3 a6 6. f3 e5 7. Nb3 Be6 8. Be3 h5 9. Nd5 Bxd5 10. exd5 Nbd7 11. Qd2 Rc8 12. Na5 Qc7 13. c4 g6 14. Be2 Bg7 15. 0-0 0-0 16. b4 e4 17. f4 Ng4 18. Bxg4 hxg4 19. Rac1 b6 20. Nc6 Rfe8 21. f5 Ne5 22. f6 Bh8 23. Nxe5 Rxe5 24. Bd4 e3 25. Bxe3 Qd8 26. Bd4 Bxf6 27. Qf4 Rf5 28. Qxg4 Bxd4+ 29. Qxd4 Rxf1+ 30. Kxf1 Qc7 31. Rc3 Re8 32. Kf2 a5 33. bxa5 bxa5 34. Re3 Rxe3 35. Kxe3 Qe7+ 36. Kf2 Qg5 37. Qc3 Qf5+ 38. Qf3 Qc2+ 39. Qe2 Qc3 40. h4 Kg7 41. g4 a4 42. g5 a3 1/2-1/2

[Event "Titled Tuesday intern op 16th Jul Early"]
[Site "Chess.com INT"]
[Date "2024.07.16"]
[Round "8"]
[White "Kopjonkin, Kirill"]
[Black "Zavgorodniy, Sergiy"]
[Result "0-1"]
[WhiteElo "2314"]
[BlackElo "2379"]
[PlyCount "42"]
[EventDate "2024.07.16"]
[EventType "swiss (blitz)"]
[EventRounds "11"]
[EventCountry "USA"]
[SourceTitle "EXT 2025"]
[Source "ChessBase"]
[SourceDate "2024.10.14"]
[SourceVersion "1"]
[SourceVersionDate "2024.10.14"]
[SourceQuality "1"]

1. e4 e5 2. Nf3 d6 3. Bc4 Be7 4. 0-0 Nf6 5. d3 0-0 6. Re1 c6 7. Bb3 Bg4 8. c3 Nbd7 9. h3 Bh5 10. Nbd2 Nc5 11. Bc2 Ne6 12. Nf1 Nd7 13. Ng3 Bxf3 14. Qxf3 Bg5 15. Be3 g6 16. a4 a5 17. d4 Qe7 18. Rad1 h5 19. Nf5 gxf5 20. exf5 Ng7 21. Qxh5 Nxh5 0-1

[Event "Titled Tuesday intern op 16th Jul Early"]
[Site "Chess.com INT"]
[Date "2024.07.16"]
[Round "4"]
[White "Souza, Gustavo Horokoski"]
[Black "Kopjonkin, Kirill"]
[Result "0-1"]
[WhiteElo "1939"]
[BlackElo "2314"]
[PlyCount "122"]
[EventDate "2024.07.16"]
[EventType "swiss (blitz)"]
[EventRounds "11"]
[EventCountry "USA"]
[SourceTitle "EXT 2025"]
[Source "ChessBase"]
[SourceDate "2024.10.14"]
[SourceVersion "1"]
[SourceVersionDate "2024.10.14"]
[SourceQuality "1"]

1. c4 Nf6 2. Nc3 g6 3. g3 Bg7 4. Bg2 0-0 5. b3 d6 6. Bb2 Nbd7 7. e3 e5 8. Nge2 Re8 9. d3 a5 10. a3 Nc5 11. 0-0 c6 12. b4 Na6 13. b5 Nb8 14. Rb1 Be6 15. a4 d5 16. bxc6 Nxc6 17. cxd5 Nxd5 18. Nxd5 Bxd5 19. Bxd5 Qxd5 20. Nc3 Qd7 21. Ne4 Nb4 22. Nc5 Qe7 23. d4 Red8 24. Qf3 b6 25. Nb3 e4 26. Qe2 Nd3 27. Nc1 Nxb2 28. Rxb2 Rab8 29. Na2 Qa3 30. Qb5 Bf8 31. Rfb1 h5 32. h4 Be7 33. Kg2 Kf8 34. Qb3 Qd6 35. Nc3 Qc6 36. Nb5 Bb4 37. Rc2 Qd5 38. Qxd5 Rxd5 39. Rbc1 Rbd8 40. Rc6 Rb8 41. Rc8+ Rd8 42. Rxd8+ Rxd8 43. Rc6 Rb8 44. Kf1 Ke7 45. Rc7+ Ke8 46. Ke2 Be7 47. Rc6 Kd7 48. Rc7+ Kd8 49. Ra7 Rc8 50. Ra6 Rc2+ 51. Ke1 Bb4+ 52. Kf1 Rc1+ 53. Kg2 Rc2 54. Rxb6 Be1 55. Kh3 Bxf2 56. g4 Bxe3 57. Rd6+ Ke7 58. gxh5 gxh5 59. Rd5 Bf4 60. Re5+ Kf8 61. Rf5 Rh2# 0-1